Statistics for Guess the Country by Famous Landmarks Part 3

Click here to take the quiz!

General Stats

  • This quiz has been taken 21 times
  • The average score is 8 of 16

Answer Stats

Answer% Correct
Jordan
94%
Chile
82%
Netherlands
82%
Denmark
76%
Turkey
76%
Romania
59%
Taiwan
53%
Tanzania
53%
Vatican City
47%
Myanmar
41%
Poland
29%
Portugal
29%
Ukraine
24%
Zimbabwe
24%
Finland
18%
Indonesia
12%

Score Distribution

Percentile by Number Answered

Percent of People with Each Score

Your Score History

You have not taken this quiz